[Event "39th Nezhmetdinov Mem"]
[Site "Kazan RUS"]
[Date "2017.06.07"]
[Round "8.9"]
[White "Golubov, Saveliy"]
[Black "Bryakin, Mikhail"]
[Result "1/2-1/2"]
[WhiteTitle "IM"]
[BlackTitle "FM"]
[WhiteElo "2504"]
[BlackElo "2338"]
[WhiteFideId "24176729"]
[BlackFideId "4165314"]
[EventDate "2017.05.31"]

1. e4 c6 2. Nc3 d5 3. Nf3 Nf6 4. e5 Ne4 5. Ne2 Qb6 6. d4 h6 7. Ng3 Nxg3 8. hxg3
Bf5 9. Bd3 Bxd3 10. Qxd3 e6 11. c3 c5 12. dxc5 Bxc5 13. O-O a5 14. Rb1 Nc6 15.
Bd2 Qa6 16. Qxa6 bxa6 17. c4 d4 18. Bxa5 Nxa5 19. b4 Bxb4 20. Rxb4 O-O 21. Nxd4
Rac8 22. Rc1 Rc5 23. Nb3 Rxe5 24. c5 Nxb3 25. axb3 Rc8 26. c6 Rb5 27. Rd4 Rd5
28. Rb4 Rb5 29. Rd4 Rd5 30. Rb4 Rb5 31. Rd4 Rd5 32. Rb4 1/2-1/2

[Event "39th Nezhmetdinov Mem"]
[Site "Kazan RUS"]
[Date "2017.06.07"]
[Round "8.10"]
[White "Belyakov, Bogdan"]
[Black "Samusenko, Maksim"]
[Result "1/2-1/2"]
[WhiteTitle "IM"]
[BlackTitle "FM"]
[WhiteElo "2470"]
[BlackElo "2325"]
[WhiteFideId "24104795"]
[BlackFideId "4112253"]
[EventDate "2017.05.31"]

1. e4 d5 2. exd5 Qxd5 3. Nc3 Qd6 4. d4 Nf6 5. Nf3 Bg4 6. h3 Bh5 7. g4 Bg6 8. Ne5
Nbd7 9. Nxg6 hxg6 10. Bg2 c6 11. d5 cxd5 12. Nxd5 O-O-O 13. Bf4 e5 14. Be3 Qe6
15. Nxf6 Nxf6 16. Qe2 Kb8 17. O-O Nd5 18. Rfd1 Be7 19. Qc4 Nxe3 20. Qxe6 fxe6
21. fxe3 Bg5 22. Kf2 Rxd1 23. Rxd1 Rd8 24. Rxd8+ Bxd8 25. Ke2 Bh4 26. Be4 g5 27.
c4 b6 28. b4 Kc7 29. a3 Bg3 30. Ba8 Kd6 31. Bb7 Kc7 32. Ba6 Bh4 33. Bb5 Kd6 34.
Be8 Ke7 35. Ba4 Kd6 36. Bb3 Bg3 37. Ba2 Bh4 38. a4 Kc7 39. Kd2 Bg3 40. Bb3 Bh4
41. Bc2 Bg3 42. Be4 Bh4 43. Bg6 Bg3 44. Bf7 Kd6 45. Bg8 Kd7 46. Kd1 Bf2 47. Ke2
Bg3 48. Kd2 e4 49. Bh7 Bd6 50. Kc3 Be5+ 51. Kc2 Bd6 52. Kc3 Be5+ 53. Kd2 Bd6 54.
b5 Bb4+ 55. Ke2 Kd6 56. Bxe4 Ke5 57. Kd3 Bc5 58. Bb7 1/2-1/2

[Event "39th Nezhmetdinov Mem"]
[Site "Kazan RUS"]
[Date "2017.06.08"]
[Round "9.1"]
[White "Lintchevski, Daniil"]
[Black "Shyam, Sundar M."]
[Result "1/2-1/2"]
[WhiteTitle "GM"]
[BlackTitle "GM"]
[WhiteElo "2532"]
[BlackElo "2535"]
[WhiteFideId "4171055"]
[BlackFideId "5019141"]
[EventDate "2017.05.31"]

1. Nf3 Nf6 2. c4 g6 3. g3 Bg7 4. Bg2 O-O 5. O-O d6 6. d4 Nc6 7. Nc3 a6 8. d5 Na5
9. b3 Rb8 10. Bd2 c5 11. dxc6 Nxc6 12. Rc1 Bd7 13. Nd5 Rc8 14. Bc3 Nxd5 15. cxd5
Bxc3 16. Rxc3 Ne5 17. Rxc8 Nxf3+ 18. Bxf3 Qxc8 19. Qd2 Bh3 20. Bg2 Bxg2 21. Kxg2
Qf5 22. Rc1 Rc8 23. Rxc8+ Qxc8 24. Qe3 Qc7 25. g4 Qd7 26. Kg3 Qb5 27. Qxe7 Qxd5
28. g5 b5 29. Qd8+ Kg7 30. Qf6+ Kg8 31. Qd8+ Kg7 32. Qf6+ Kg8 33. Qd8+ Kg7 34.
Qf6+ Kg8 35. Qd8+ Kg7 36. Qf6+ Kg8 37. Qd8+ Kg7 38. Qf6+ Kg8 39. Qd8+ Kg7 40.
Qf6+ Kg8 1/2-1/2

[Event "39th Nezhmetdinov Mem"]
[Site "Kazan RUS"]
[Date "2017.06.08"]
[Round "9.2"]
[White "Kokarev, Dmitry"]
[Black "Moiseenko, Vadim"]
[Result "1/2-1/2"]
[WhiteTitle "GM"]
[BlackTitle "IM"]
[WhiteElo "2640"]
[BlackElo "2528"]
[WhiteFideId "4132181"]
[BlackFideId "4123700"]
[EventDate "2017.05.31"]

1. e4 c6 2. d4 d5 3. Nc3 dxe4 4. Nxe4 Nf6 5. Nxf6+ exf6 6. c3 Bf5 7. Bd3 Bxd3 8.
Qxd3 Bd6 9. Nf3 O-O 10. O-O Re8 11. Bd2 Nd7 12. Rfe1 Nf8 13. Rxe8 Qxe8 14. Re1
Qd7 15. h3 Rd8 16. Qe4 Qe6 17. b3 Qxe4 18. Rxe4 Ne6 19. Kf1 Kf8 20. Re1 Bf4 21.
Be3 Bc7 22. Ke2 Rd7 23. Rd1 Rd8 24. a4 a6 25. Bc1 Bf4 26. Ba3+ Bd6 27. Bxd6+
Rxd6 28. Ke3 Ke7 29. a5 Rd8 30. c4 Re8 31. Re1 Kd7 32. Kd2 Rd8 33. g3 Kc7 34.
Kc3 Rd7 35. Rd1 Rd8 36. b4 g6 37. h4 Ng7 38. Re1 Ne6 39. Re2 h5 40. Rd2 Ng7 41.
Rd1 Nf5 42. Re1 Rd7 43. Kd3 Kd8 44. Re4 Nd6 45. Rf4 Ke7 46. Nd2 f5 47. Nb3 Ne4
48. Nc5 Nxc5+ 49. bxc5 f6 50. Rf3 Kf7 51. Kc3 Ke6 52. Re3+ Kf7 53. Re1 g5 54.
Rd1 Ke6 55. Rh1 Rh7 56. d5+ Kd7 57. Rb1 Kc7 58. Re1 Rg7 59. Rh1 f4 60. gxf4 gxf4
61. Kd3 Rg2 62. d6+ Kc8 63. Re1 Rxf2 64. Re8+ Kd7 65. Re7+ Kc8 66. Rc7+ Kd8 67.
Rxb7 Rf3+ 68. Kd4 Re3 69. Rb8+ Kd7 70. Rb7+ Kd8 71. Rb8+ Kd7 72. Rb7+ Kd8 73.
Rb8+ 1/2-1/2

[Event "39th Nezhmetdinov Mem"]
[Site "Kazan RUS"]
[Date "2017.06.08"]
[Round "9.4"]
[White "Frolyanov, Dmitry"]
[Black "Timofeev, Artyom"]
[Result "1/2-1/2"]
[WhiteTitle "GM"]
[BlackTitle "GM"]
[WhiteElo "2534"]
[BlackElo "2555"]
[WhiteFideId "4151976"]
[BlackFideId "4140419"]
[EventDate "2017.05.31"]

1. e4 c5 2. Nf3 Nc6 3. d4 cxd4 4. Nxd4 g6 5. Nc3 Bg7 6. Be3 Nf6 7. Bc4 O-O 8.
Bb3 Re8 9. f3 e6 10. f4 d6 11. Qf3 a6 12. O-O-O Na5 13. g4 b5 14. g5 Nh5 15. f5
b4 16. Na4 Nxb3+ 17. axb3 exf5 18. exf5 Bxd4 19. Rxd4 Bxf5 20. Rxb4 Qa5 21. Bd2
Rac8 22. Rc4 Qb5 23. Rxc8 Rxc8 24. Bc3 Qc6 25. Qxc6 Rxc6 26. Re1 Kf8 27. Re2 Nf4
28. Rd2 Ke8 29. Kb1 Kd7 30. Bf6 Ne6 31. b4 Kc7 32. b3 d5 33. Kb2 d4 34. h4 Kc8
35. Be7 Kd7 36. Bf6 Kc8 37. Be5 Kb7 38. c4 dxc3+ 39. Nxc3 Nc7 40. Na4 Kc8 41.
Bf6 Nb5 42. Rd8+ Kc7 43. Rd2 Kc8 44. Rd8+ Kc7 45. Rd2 Kc8 1/2-1/2

[Event "39th Nezhmetdinov Mem"]
[Site "Kazan RUS"]
[Date "2017.06.08"]
[Round "9.5"]
[White "Pridorozhni, Aleksei"]
[Black "Yudin, Sergei"]
[Result "1/2-1/2"]
[WhiteTitle "GM"]
[BlackTitle "GM"]
[WhiteElo "2540"]
[BlackElo "2522"]
[WhiteFideId "4127870"]
[BlackFideId "4159659"]
[EventDate "2017.05.31"]

1. e4 c5 2. Nf3 e6 3. d4 cxd4 4. Nxd4 Nf6 5. Nc3 Nc6 6. Ndb5 d6 7. Bf4 e5 8. Bg5
a6 9. Na3 b5 10. Bxf6 gxf6 11. Nd5 f5 12. c3 Bg7 13. Bd3 Be6 14. Nxb5 Bxd5 15.
exd5 Ne7 16. Na3 O-O 17. O-O Qc7 18. Bc4 Rfb8 19. Rb1 e4 20. Kh1 f4 21. Qc2 f5
22. f3 e3 23. Rfd1 Kh8 24. Be2 Bf6 25. Qa4 Ng6 26. Bd3 Bh4 27. Qd4+ Qg7 28.
Qxg7+ Kxg7 29. Nc4 Rd8 30. Bxf5 e2 31. Re1 Bxe1 32. Rxe1 Rab8 33. Rxe2 Rb5 34.
Rd2 Kf6 35. Be4 Rc5 36. Rd4 Ne5 37. Nxe5 Kxe5 38. Rb4 Rb5 39. Rxb5 axb5 40. g3
h6 41. Kg2 Rc8 42. Kh3 Rc4 43. gxf4+ Kxf4 44. Kh4 Rc7 45. Kh5 Rg7 46. Kxh6 Rg2
47. h4 Ke5 48. b4 Kf6 49. Bd3 Rxa2 50. Bxb5 Ra3 51. c4 Rxf3 52. h5 Rb3 53. Kh7
Rxb4 54. Kg8 Rb2 1/2-1/2

[Event "39th Nezhmetdinov Mem"]
[Site "Kazan RUS"]
[Date "2017.06.08"]
[Round "9.8"]
[White "Bryakin, Mikhail"]
[Black "Belyakov, Bogdan"]
[Result "1/2-1/2"]
[WhiteTitle "FM"]
[BlackTitle "IM"]
[WhiteElo "2338"]
[BlackElo "2470"]
[WhiteFideId "4165314"]
[BlackFideId "24104795"]
[EventDate "2017.05.31"]

1. d4 Nf6 2. c4 g6 3. Nc3 Bg7 4. e4 d6 5. h3 O-O 6. Be3 c5 7. Nf3 cxd4 8. Nxd4
Nc6 9. Be2 Bd7 10. O-O a6 11. Rc1 Rc8 12. f4 Nxd4 13. Bxd4 Bc6 14. Bf3 Ne8 15.
Be3 Nf6 16. Bd4 Ne8 17. Be3 Nf6 18. Bd4 1/2-1/2

[Event "39th Nezhmetdinov Mem"]
[Site "Kazan RUS"]
[Date "2017.06.08"]
[Round "9.9"]
[White "Samusenko, Maksim"]
[Black "Khanin, Semen"]
[Result "1/2-1/2"]
[WhiteTitle "FM"]
[BlackTitle "IM"]
[WhiteElo "2325"]
[BlackElo "2434"]
[WhiteFideId "4112253"]
[BlackFideId "4111990"]
[EventDate "2017.05.31"]

1. d4 Nf6 2. Bf4 b6 3. Nf3 Bb7 4. e3 g6 5. h3 Bg7 6. Be2 O-O 7. O-O d6 8. Bh2
Nbd7 9. c3 Ne4 10. Nbd2 Nxd2 11. Qxd2 e5 12. dxe5 Nxe5 13. Nxe5 dxe5 14. Qxd8
Rfxd8 15. Rfd1 Kf8 16. f3 Ke7 17. Bg3 Bd5 18. Kf1 a5 19. Bh4+ f6 20. Be1 Be6 21.
c4 Kf7 22. Rxd8 Rxd8 23. c5 Bf8 24. cxb6 cxb6 25. Bb5 Rc8 26. Bc3 Be7 27. Ke2 h5
28. a3 Bb3 29. Rc1 Rc5 30. Bd3 b5 31. Bd2 Rxc1 32. Bxc1 b4 33. axb4 Bxb4 34. h4
a4 35. Bd2 a3 36. bxa3 Bxa3 37. Bc3 Be6 38. Kf2 Bc5 39. Bb2 Bb6 40. Bc3 Bc5 1/2-1/2